[Event "FRA-ch U18/14 Online"]
[Site "Europe Echecs INT"]
[Date "2020.07.11"]
[Round "1"]
[White "Grousset, Nathan"]
[Black "Antao, Amory"]
[Result "0-1"]
[WhiteElo "1476"]
[BlackElo "2099"]
[PlyCount "92"]
[EventDate "2020.07.11"]
[EventType "swiss (blitz)"]
[EventRounds "9"]
[EventCountry "FRA"]
[SourceTitle "EXT 2021"]
[Source "ChessBase"]
[SourceDate "2020.10.23"]
[SourceVersion "1"]
[SourceVersionDate "2020.10.23"]
[SourceQuality "1"]

1. e4 Nc6 2. Nf3 e5 3. d4 exd4 4. Bc4 Nf6 5. 0-0 Be7 6. e5 Ng4 7. Re1 Na5 8. Bb3 Nxb3 9. axb3 d6 10. Qxd4 dxe5 11. Qxd8+ Bxd8 12. h3 Nf6 13. Rxe5+ Kf8 14. Bg5 Be6 15. Nc3 Nd7 16. Rea5 f6 17. Bf4 a6 18. Nd4 Bf7 19. b4 c5 20. bxc5 Bxa5 21. Rxa5 Ne5 22. Bxe5 fxe5 23. Nf3 Re8 24. c6 bxc6 25. Nxe5 Bd5 26. Nd3 Bc4 27. Ne5 Bb5 28. Nxb5 Rxe5 29. Rxa6 cxb5 30. Ra8+ Re8 31. Ra5 Rb8 32. Ra3 Ke7 33. Re3+ Kd6 34. c3 Rhe8 35. Rd3+ Kc6 36. b4 Re2 37. Rf3 Rb7 38. g3 Rd7 39. Kg2 Rc2 40. Re3 Rc7 41. Re6+ Kd5 42. Rb6 Kc4 43. Re6 Rf7 44. Re5 Rcxf2+ 45. Kg1 Rf1+ 46. Kg2 R7f2# 0-1

[Event "FRA-ch Blitz Online Qual"]
[Site "Europe Echecs INT"]
[Date "2020.05.16"]
[Round "15"]
[White "Antao, Amory"]
[Black "Le Goff, Damien"]
[Result "1-0"]
[WhiteElo "2099"]
[BlackElo "2281"]
[PlyCount "67"]
[EventDate "2020.05.16"]
[EventType "swiss (blitz)"]
[EventRounds "15"]
[EventCountry "FRA"]
[SourceTitle "CBM 196 Extra"]
[Source "ChessBase"]
[SourceDate "2020.07.31"]
[SourceVersion "1"]
[SourceVersionDate "2020.07.31"]
[SourceQuality "1"]

1. Nc3 a6 2. e4 b5 3. f4 Bb7 4. d3 e6 5. Nf3 c5 6. g4 Nc6 7. Bg2 Nge7 8. Be3 d5 9. Bxc5 Ng6 10. Bxf8 Nxf4 11. Bxg7 Nxg2+ 12. Kf2 Rg8 13. Kxg2 Rxg7 14. h3 h5 15. exd5 hxg4 16. hxg4 Ne7 17. dxe6 Rxg4+ 18. Kf2 Qb6+ 19. d4 0-0-0 20. Ne2 fxe6 21. c3 Qc6 22. Rh3 Rf8 23. Neg1 Rfg8 24. Qf1 Nd5 25. Ne5 Rf4+ 26. Rf3 Qe8 27. Rxf4 Nxf4 28. Ke3 Ng2+ 29. Kd2 Rf8 30. Qe2 Nf4 31. Qg4 Kb8 32. Rf1 Ng2 33. Rxf8 Qxf8 34. Nd7+ 1-0